| 000 | 00425nam a2200181Ia 4500 | ||
|---|---|---|---|
| 001 | 16351 | ||
| 005 | 20260306170303.0 | ||
| 008 | 260306t2004||||xx |||||||||||||| ||und|| | ||
| 041 | _aESP | ||
| 082 |
_a348.53 _bF74 |
||
| 100 |
_aFonseca Tapia, César Augusto _eAUT |
||
| 245 | 0 | _aDerecho ambiental | |
| 260 | _c2004 | ||
| 300 |
_a240 páginas : _c22 cm. |
||
| 650 | _aGEN | ||
| 654 | _aCDE | ||
| 942 |
_cLIB _dJUS _fJUS _2ddc _n |
||
| 999 |
_c16351 _d16351 |
||